[Event "Steyr Landesliga 1314"]
[Site "Austria"]
[Date "2013.10.19"]
[Round "2.5"]
[White "Hatzl, Johannes"]
[Black "Schrey, Stefan"]
[Result "1/2-1/2"]
[WhiteElo "2131"]
[BlackElo "2127"]
[PlyCount "43"]
[EventDate "2013.09.28"]
[EventType "team-tourn"]
[EventRounds "11"]
[EventCountry "AUT"]
[SourceTitle "EXT 2015"]
[Source "ChessBase"]
[SourceDate "2014.11.20"]
[SourceVersion "1"]
[SourceVersionDate "2014.11.20"]
[SourceQuality "1"]
[WhiteTeam "Fuerstenfeld"]
[BlackTeam "Graz Schachfreunde"]
[WhiteTeamCountry "AUT"]
[BlackTeamCountry "AUT"]

1. e4 c6 2. d4 d5 3. f3 dxe4 4. fxe4 e5 5. Nf3 Bg4 6. Bc4 Bxf3 7. Qxf3 Nf6 8. Qb3 Qxd4 9. Bxf7+ Kd8 10. Nc3 Bb4 11. Bd2 Bxc3 12. 0-0-0 Bxb2+ 13. Kb1 Kc8 14. Ba5 Qc5 15. Be6+ Nbd7 16. Bxd7+ Nxd7 17. Rxd7 Kxd7 18. Qxb7+ Ke6 19. Qb3+ Kd7 20. Qb7+ Ke6 21. Qb3+ Kd7 22. Qb7+ 1/2-1/2

[Event "Graz-ch"]
[Site "Graz"]
[Date "2013.01.19"]
[Round "4"]
[White "Schrey, Stefan"]
[Black "Kapus, Florian"]
[Result "1-0"]
[WhiteElo "2148"]
[BlackElo "1891"]
[PlyCount "81"]
[EventDate "2013.01.12"]
[EventType "swiss"]
[EventRounds "7"]
[EventCountry "AUT"]
[SourceTitle "CBM 152 Extra"]
[Source "ChessBase"]
[SourceDate "2013.02.25"]
[SourceVersion "1"]
[SourceVersionDate "2013.02.25"]
[SourceQuality "1"]

1. e4 Nf6 2. e5 Nd5 3. d4 d6 4. Nf3 Nc6 5. Be2 g6 6. 0-0 Bg7 7. c4 Nb6 8. exd6 cxd6 9. Be3 0-0 10. Nbd2 Bf5 11. a3 Rc8 12. Rc1 e5 13. d5 Nd4 14. b4 Nxe2+ 15. Qxe2 Re8 16. Rfd1 Qd7 17. Nh4 Rc7 18. Nxf5 Qxf5 19. Bxb6 axb6 20. Ne4 Qd7 21. Qe3 f5 22. Ng5 Bh6 23. h4 Qa4 24. Qxb6 Rxc4 25. Qxb7 Bxg5 26. hxg5 e4 27. Rf1 Rxc1 28. Rxc1 e3 29. Qc6 exf2+ 30. Kxf2 Qa7+ 31. Rc5 Rd8 32. Qc7 Qa8 33. Ra5 Qc8 34. Ra7 Qxc7 35. Rxc7 Ra8 36. b5 Rb8 37. a4 Rb6 38. Rc6 Rb7 39. b6 Kf8 40. a5 Ke7 41. a6 1-0

[Event "Graz-ch"]
[Site "Graz"]
[Date "2013.01.12"]
[Round "1"]
[White "Kolm, Robert"]
[Black "Schrey, Stefan"]
[Result "0-1"]
[WhiteElo "1950"]
[BlackElo "2148"]
[PlyCount "134"]
[EventDate "2013.01.12"]
[EventType "swiss"]
[EventRounds "7"]
[EventCountry "AUT"]
[SourceTitle "CBM 152 Extra"]
[Source "ChessBase"]
[SourceDate "2013.02.25"]
[SourceVersion "1"]
[SourceVersionDate "2013.02.25"]
[SourceQuality "1"]

1. e4 c6 2. d4 d5 3. e5 Bf5 4. Be3 e6 5. Nd2 Nd7 6. Ngf3 h5 7. Nb3 Nh6 8. Be2 Be7 9. Qd2 Bg6 10. Rc1 Nf5 11. Bg5 0-0 12. Bxe7 Qxe7 13. 0-0 h4 14. g4 hxg3 15. hxg3 c5 16. dxc5 Nxc5 17. Kg2 Ne4 18. Qf4 Bh5 19. Nbd4 Nxd4 20. Nxd4 Bxe2 21. Nxe2 Qg5 22. Qxg5 Nxg5 23. c4 Rfd8 24. c5 f6 25. exf6 gxf6 26. Nd4 Kf7 27. Rh1 Rh8 28. Rxh8 Rxh8 29. Nb5 Ne4 30. f3 a6 31. fxe4 axb5 32. exd5 exd5 33. b4 Ra8 34. Rc2 Ra4 35. Rd2 Ke6 36. Re2+ Kd7 37. Rf2 Ke6 38. Re2+ Kf5 39. a3 Rxa3 40. Re7 Ra2+ 41. Kf3 Ra3+ 42. Kf2 Rb3 43. Rxb7 Rxb4 44. c6 Rc4 45. Rxb5 Ke4 46. Rb6 f5 47. c7 Rc2+ 48. Ke1 Rxc7 49. Re6+ Kd4 50. Kd2 Rh7 51. Re8 Rh2+ 52. Ke1 Rh5 53. Kf2 Kd3 54. Ra8 d4 55. Kf3 Rh1 56. Rd8 Rf1+ 57. Kg2 Re1 58. Kf2 Re5 59. Rd7 Kc3 60. Rc7+ Kd2 61. Rc8 d3 62. Rc7 Re2+ 63. Kf1 Ke3 64. Ra7 Rf2+ 65. Kg1 Rc2 66. Re7+ Kf3 67. Rd7 d2 0-1

[Event "Steyr Landesliga 1112"]
[Site "Austria"]
[Date "2012.02.18"]
[Round "9.4"]
[White "Schrey, Stefan"]
[Black "Schnabel, Josef"]
[Result "1/2-1/2"]
[WhiteElo "2170"]
[BlackElo "2027"]
[PlyCount "96"]
[EventDate "2011.09.24"]
[EventType "team-tourn"]
[EventRounds "11"]
[EventCountry "AUT"]
[SourceTitle "EXT 2013"]
[Source "ChessBase"]
[SourceDate "2012.11.22"]
[SourceVersion "1"]
[SourceVersionDate "2012.11.22"]
[SourceQuality "1"]
[WhiteTeam "Graz Schachfreunde"]
[BlackTeam "Frauental"]
[WhiteTeamCountry "AUT"]
[BlackTeamCountry "AUT"]

1. e4 c5 2. Nf3 e6 3. d4 cxd4 4. Nxd4 a6 5. c4 Nc6 6. Be3 Qc7 7. Be2 Nf6 8. f3 Be7 9. Nc3 0-0 10. Qd2 d6 11. 0-0 Bd7 12. Kh1 Rac8 13. Rac1 Qb8 14. Rfd1 Ne5 15. b3 Rfd8 16. Bg1 h6 17. a4 Bc6 18. a5 Bd7 19. Nc2 Rf8 20. Bb6 Ng6 21. Bf1 Bc6 22. Rb1 d5 23. exd5 exd5 24. cxd5 Nxd5 25. Nxd5 Bxd5 26. Qxd5 Rxc2 27. Rbc1 Rxc1 28. Rxc1 Bd6 29. g3 Ne5 30. f4 Nc6 31. Bxa6 Nxa5 32. Bxa5 bxa6 33. Rc6 Bxf4 34. gxf4 Qxf4 35. Qd3 Re8 36. Rd6 f5 37. Qc4+ Qxc4 38. bxc4 Rc8 39. Rd4 g5 40. Kg2 Kf7 41. Kf3 Ke6 42. Ke3 Rc6 43. Bb4 h5 44. Kd3 h4 45. h3 a5 46. Bxa5 f4 47. Ke4 Rc5 48. Kf3 Rxa5 1/2-1/2

[Event "Graz op-A 16th"]
[Site "Graz"]
[Date "2009.09.02"]
[Round "5"]
[White "Karner, Christoph"]
[Black "Schrey, Stefan"]
[Result "1-0"]
[WhiteElo "2373"]
[BlackElo "2159"]
[PlyCount "149"]
[EventDate "2009.08.29"]
[EventType "swiss"]
[EventRounds "9"]
[EventCountry "AUT"]
[SourceTitle "CBM 132 Extra"]
[Source "ChessBase"]
[SourceDate "2009.11.03"]
[SourceVersion "1"]
[SourceVersionDate "2009.11.03"]
[SourceQuality "1"]

1. d4 d5 2. c4 e6 3. Nf3 c5 4. cxd5 exd5 5. Nc3 Nc6 6. g3 Nf6 7. Bg2 Be7 8. 0-0 0-0 9. Bg5 cxd4 10. Nxd4 h6 11. Be3 Re8 12. Rc1 Bf8 13. Nxc6 bxc6 14. Na4 Bd7 15. Bc5 Bxc5 16. Nxc5 Bg4 17. Re1 Qa5 18. h3 Bf5 19. Qd4 Rab8 20. a3 Qb6 21. Qf4 Be6 22. Nd3 Nd7 23. b4 a5 24. Rc3 axb4 25. axb4 Nf6 26. Rec1 Bd7 27. R3c2 Ne4 28. Bxe4 Rxe4 29. Qd6 Bxh3 30. Rxc6 Qd8 31. Qxd8+ Rxd8 32. b5 Rxe2 33. Nf4 Rb2 34. Nxh3 Rxb5 35. Rd1 Kh7 36. Nf4 g5 37. Ne2 h5 38. Nd4 Rb7 39. Nf5 h4 40. gxh4 gxh4 41. Rh6+ Kg8 42. Rxh4 f6 43. Rhd4 Kf7 44. Rxd5 Rxd5 45. Rxd5 Ke6 46. Ra5 Rb4 47. Kg2 Rc4 48. Kf3 Rb4 49. Ke3 Rb3+ 50. Ke4 Rb4+ 51. Nd4+ Kf7 52. f4 Kg6 53. f5+ Kg7 54. Ra7+ Kh6 55. Rf7 Rb6 56. Re7 Rb4 57. Ra7 Rb1 58. Ra2 Kg7 59. Ne6+ Kf7 60. Ra7+ Ke8 61. Nc7+ Kf8 62. Nd5 Re1+ 63. Kf4 Rf1+ 64. Ke4 Re1+ 65. Ne3 Rb1 66. Ng4 Rb4+ 67. Kf3 Rb3+ 68. Kf4 Rb4+ 69. Kg3 Rb3+ 70. Kh4 Rf3 71. Nh6 Ke8 72. Kh5 Rg3 73. Ng4 Kf8 74. Ra6 Rh3+ 75. Kg6 1-0

[Event "Graz op-A 16th"]
[Site "Graz"]
[Date "2009.08.30"]
[Round "2"]
[White "Diermair, Andreas"]
[Black "Schrey, Stefan"]
[Result "1/2-1/2"]
[WhiteElo "2361"]
[BlackElo "2159"]
[PlyCount "49"]
[EventDate "2009.08.29"]
[EventType "swiss"]
[EventRounds "9"]
[EventCountry "AUT"]
[SourceTitle "CBM 132 Extra"]
[Source "ChessBase"]
[SourceDate "2009.11.03"]
[SourceVersion "1"]
[SourceVersionDate "2009.11.03"]
[SourceQuality "1"]

1. d4 d5 2. c4 e6 3. Nf3 c5 4. cxd5 exd5 5. g3 Nc6 6. Bg2 Nf6 7. 0-0 Be7 8. Nc3 0-0 9. dxc5 Bxc5 10. Na4 Be7 11. Be3 Re8 12. Rc1 Bg4 13. Nd4 Qa5 14. Re1 Bb4 15. Nc3 Ne4 16. Qb3 Rac8 17. a3 Nxd4 18. Bxd4 Bxc3 19. bxc3 Nd2 20. Qxb7 Qxa3 21. f3 Nb3 22. Rb1 Nxd4 23. cxd4 Qe3+ 24. Kf1 Bf5 25. Ra1 1/2-1/2

[Event "Graz op-A"]
[Site "Graz"]
[Date "2008.09.07"]
[Round "9"]
[White "Schrey, Stefan"]
[Black "Wiedermann, Daniel"]
[Result "1-0"]
[WhiteElo "2165"]
[BlackElo "2156"]
[PlyCount "121"]
[EventDate "2008.08.30"]
[EventType "swiss"]
[EventRounds "9"]
[EventCountry "AUT"]
[SourceTitle "CBM 126 Extra"]
[Source "ChessBase"]
[SourceDate "2008.11.05"]
[SourceVersion "1"]
[SourceVersionDate "2008.11.05"]
[SourceQuality "1"]

1. e4 c5 2. Nf3 Nc6 3. d4 cxd4 4. Nxd4 Nf6 5. Nc3 e5 6. Ndb5 d6 7. Bg5 a6 8. Na3 b5 9. Nd5 Be7 10. Bxf6 Bxf6 11. c3 Bg5 12. Be2 0-0 13. 0-0 Rb8 14. Nc2 Be6 15. Nce3 Bxe3 16. Nxe3 Ne7 17. Bf3 Qb6 18. Qd2 Rfd8 19. Rfd1 Rd7 20. Qe1 Rbd8 21. Rd3 f6 22. Qd1 d5 23. Nxd5 Nxd5 24. exd5 f5 25. Qe1 e4 26. Rd4 Bxd5 27. Be2 f4 28. Rad1 Qe6 29. b3 Bb7 30. Rxd7 Rxd7 31. Rxd7 Qxd7 32. Qd1 Qc6 33. Qd8+ Kf7 34. Qd4 Qd5 35. Qb6 f3 36. Qc7+ Kf6 37. Qf4+ Kg6 38. Qg4+ Qg5 39. Qe6+ Kh5 40. Qh3+ Kg6 41. Qe6+ Qf6 42. Qg4+ Kh6 43. Qh3+ Kg5 44. gxf3 exf3 45. Qg3+ Kh5 46. Qh3+ Kg6 47. Bd3+ Kf7 48. Qh5+ Ke7 49. Qc5+ Ke8 50. Bxh7 g6 51. Bg8 Qh4 52. Qe5+ Kf8 53. Qb8+ Kg7 54. Qxb7+ Kxg8 55. Qxf3 Qg5+ 56. Qg3 Qc1+ 57. Kg2 Qc2 58. h4 Kh7 59. Qc7+ Kh6 60. Qe5 Qxa2 61. Qh8# 1-0

[Event "Graz op-A"]
[Site "Graz"]
[Date "2008.08.31"]
[Round "2"]
[White "Zakharchenko, Arnold"]
[Black "Schrey, Stefan"]
[Result "1-0"]
[WhiteElo "2271"]
[BlackElo "2165"]
[PlyCount "108"]
[EventDate "2008.08.30"]
[EventType "swiss"]
[EventRounds "9"]
[EventCountry "AUT"]
[SourceTitle "CBM 126 Extra"]
[Source "ChessBase"]
[SourceDate "2008.11.05"]
[SourceVersion "1"]
[SourceVersionDate "2008.11.05"]
[SourceQuality "1"]

1. d4 d5 2. c4 e6 3. Nc3 c5 4. cxd5 exd5 5. Nf3 Nc6 6. g3 Nf6 7. Bg2 Be7 8. 0-0 0-0 9. dxc5 d4 10. Na4 Bf5 11. a3 a5 12. Bf4 Ne4 13. Rc1 g5 14. Be5 Nxe5 15. Nxe5 Qc7 16. Nf3 Rad8 17. Nxd4 Qe5 18. e3 Nxc5 19. Nxc5 Bxc5 20. Qf3 Bc8 21. Qh5 Bxd4 22. exd4 Rxd4 23. h4 f6 24. Rfe1 Qf5 25. Rc7 gxh4 26. Qh6 Qg6 27. Qxg6+ hxg6 28. Ree7 Rd1+ 29. Kh2 hxg3+ 30. Kxg3 Rfd8 31. Rg7+ Kh8 32. Rxg6 R1d3+ 33. Kh2 f5 34. Rh6+ Kg8 35. Bxb7 Bxb7 36. Rxb7 f4 37. Rf6 Rf8 38. Rg6+ Kh8 39. Rb5 Kh7 40. Rg4 Kh6 41. Rh4+ Kg6 42. Rh3 Rd2 43. Kg2 a4 44. Rc3 Rf5 45. Rb4 Kg5 46. Kf3 Ra5 47. Rc8 Rf5 48. Rg8+ Kh4 49. Rg4+ Kh3 50. Rgxf4 Rxf4+ 51. Kxf4 Rxf2+ 52. Ke3 Rg2 53. Kd3 Rg3+ 54. Kc4 Rg2 1-0

[Event "Graz op"]
[Site "Graz"]
[Date "2001.??.??"]
[Round "4"]
[White "Schrey, Stefan"]
[Black "Karner, Christoph"]
[Result "1/2-1/2"]
[WhiteElo "2096"]
[BlackElo "2240"]
[PlyCount "158"]
[EventDate "2001.09.??"]
[EventType "swiss"]
[EventRounds "9"]
[EventCountry "AUT"]
[SourceTitle "EXT 2002"]
[Source "ChessBase"]
[SourceDate "2001.11.25"]
[SourceVersion "1"]
[SourceVersionDate "2001.11.25"]
[SourceQuality "1"]

1. d4 Nf6 2. Nf3 g6 3. e3 Bg7 4. Be2 0-0 5. 0-0 d6 6. Nbd2 Nbd7 7. Nc4 b6 8. b4 Bb7 9. Bb2 Re8 10. a4 Nd5 11. b5 e5 12. a5 e4 13. Nfd2 f5 14. Ra3 N7f6 15. Re1 Qd7 16. Qa1 f4 17. a6 Bc8 18. exf4 Nxf4 19. Bf1 Qf5 20. Ne3 Qg5 21. Kh1 Bd7 22. c4 Re7 23. d5 Rae8 24. Nb3 Nd3 25. Bxd3 exd3 26. Rf1 Ne4 27. Bxg7 Rxg7 28. f4 Qh5 29. Rf3 Rge7 30. Qg1 d2 31. Ra1 Bg4 32. Nxg4 Qxg4 33. h3 Qh4 34. Kh2 Qf6 35. Qd4 Qxd4 36. Nxd4 Nc3 37. Rxc3 Re1 38. Rd3 Rxa1 39. Rxd2 Rc1 40. Nc6 Ra8 41. Rd4 Kf7 42. Re4 Re8 43. Rd4 Re2 44. Nxa7 Rcc2 45. Kg3 Rxg2+ 46. Kf3 Rcf2+ 47. Ke3 Ra2 48. Kf3 Rh2 49. Kg3 Rhc2 50. Rd3 Rxc4 51. Nc6 Rc5 52. Na7 Kf6 53. Kf3 Ra4 54. Kg3 Kf5 55. h4 Ke4 56. Rd1 Rxd5 57. Re1+ Kf5 58. Re3 Rc5 59. Rb3 Rc2 60. Nc8 Rca2 61. Ne7+ Ke4 62. Kg4 d5 63. f5 gxf5+ 64. Nxf5 Ke5+ 65. Kg5 Rg2+ 66. Ng3 d4 67. h5 Kd5 68. Kh6 Kc4 69. Rf3 d3 70. Rf4+ Kxb5 71. Rxa4 d2 72. Ra1 Rxg3 73. a7 Rg8 74. Kxh7 Ra8 75. Rd1 Rxa7 76. Rxd2 c5+ 77. Kg6 c4 78. h6 c3 79. Rd8 Rc7 1/2-1/2

[Event "Graz op"]
[Site "Graz"]
[Date "2001.??.??"]
[Round "6"]
[White "Schrey, Stefan"]
[Black "Rodriguez, Jean Pierre"]
[Result "1-0"]
[WhiteElo "2096"]
[BlackElo "2055"]
[PlyCount "173"]
[EventDate "2001.09.??"]
[EventType "swiss"]
[EventRounds "9"]
[EventCountry "AUT"]
[SourceTitle "EXT 2002"]
[Source "ChessBase"]
[SourceDate "2001.11.25"]
[SourceVersion "1"]
[SourceVersionDate "2001.11.25"]
[SourceQuality "1"]

1. d4 Nf6 2. Nf3 e6 3. c4 Bb4+ 4. Bd2 Qe7 5. a3 Bxd2+ 6. Nbxd2 b6 7. e4 Bb7 8. Bd3 d6 9. 0-0 Nbd7 10. Qe2 0-0 11. Rfd1 e5 12. d5 Nh5 13. b4 Nf4 14. Qe3 Nxd3 15. Qxd3 Rae8 16. Ne1 Qg5 17. Rac1 f5 18. exf5 Qxf5 19. Qxf5 Rxf5 20. Ne4 Ref8 21. Nd3 Ba6 22. f3 Nf6 23. Ndf2 Bb7 24. Nxf6+ R5xf6 25. Ne4 Rg6 26. Kf2 Rg4 27. Re1 h6 28. h3 Rgf4 29. Ke3 R8f7 30. Red1 Rd7 31. Rd2 Kf8 32. Rcd1 Ba6 33. c5 Bc4 34. cxd6 cxd6 35. Rc1 b5 36. a4 a6 37. axb5 axb5 38. Ra1 Ke7 39. Ra6 Rf8 40. g3 Rc8 41. f4 exf4+ 42. gxf4 Bf1 43. h4 Rc1 44. Ng3 Rc3+ 45. Kf2 Bh3 46. Re2+ Kd8 47. Ne4 Rcc7 48. Nxd6 Re7 49. Ra8+ Kd7 50. Rxe7+ Kxe7 51. Nxb5 Rc4 52. d6+ Kd7 53. Ra4 Bf5 54. Ke3 Re4+ 55. Kf3 Rc4 56. Kg3 g6 57. Kf3 h5 58. Kg3 Kc6 59. Nd4+ Kxd6 60. Nxf5+ gxf5 61. Ra6+ Ke7 62. b5 Rb4 63. Rb6 Kf7 64. Rb7+ Kg6 65. b6 Kf6 66. Rb8 Kg6 67. b7 Kg7 68. Kf3 Kh7 69. Ke3 Kg7 70. Kd3 Kh7 71. Kc3 Rb1 72. Kd4 Rb5 73. Kc4 Rb1 74. Kd5 Kg7 75. Ke5 Rb5+ 76. Ke6 Kh7 77. Kf6 Rb6+ 78. Kxf5 Rb5+ 79. Kf6 Rb6+ 80. Ke7 Rb1 81. f5 Re1+ 82. Kf6 Rb1 83. Kf7 Rb5 84. f6 Rb1 85. Ke7 Re1+ 86. Kf8 Rb1 87. Re8 1-0

[Event "Frohnleiten op"]
[Site "Frohnleiten"]
[Date "2000.??.??"]
[Round "?"]
[White "Schrey, Stefan"]
[Black "Koller, Hubert"]
[Result "1-0"]
[WhiteElo "2085"]
[BlackElo "2136"]
[PlyCount "61"]
[EventDate "2000.??.??"]
[EventType "swiss"]
[EventRounds "9"]
[EventCountry "AUT"]
[SourceTitle "EXT 2002"]
[Source "ChessBase"]
[SourceDate "2001.11.25"]
[SourceVersion "1"]
[SourceVersionDate "2001.11.25"]
[SourceQuality "1"]

1. Nf3 d6 2. d4 Nf6 3. c4 Nbd7 4. Nc3 e5 5. e4 c6 6. Be2 Be7 7. 0-0 0-0 8. Qc2 Re8 9. Rd1 Qc7 10. b4 exd4 11. Nxd4 d5 12. cxd5 Bxb4 13. dxc6 bxc6 14. Ncb5 Qb6 15. Qxc6 Rb8 16. Bf4 Ne5 17. Qxb6 Rxb6 18. Nc7 Re7 19. Rac1 Bd7 20. Nf5 Ng6 21. Nxe7+ Bxe7 22. Bg5 Rb2 23. Bc4 Ba4 24. Rb1 Rc2 25. Bxf6 gxf6 26. Rdc1 Rd2 27. Nd5 Ba3 28. Rc3 Bb2 29. Rd3 Rc2 30. Ne3 Re2 31. Rd8+ 1-0

[Event "Frohnleiten op"]
[Site "Frohnleiten"]
[Date "2000.??.??"]
[Round "?"]
[White "Schrey, Stefan"]
[Black "Matosec, Thomas"]
[Result "1-0"]
[WhiteElo "2085"]
[BlackElo "2085"]
[PlyCount "131"]
[EventDate "2000.??.??"]
[EventType "swiss"]
[EventRounds "9"]
[EventCountry "AUT"]
[SourceTitle "EXT 2002"]
[Source "ChessBase"]
[SourceDate "2001.11.25"]
[SourceVersion "1"]
[SourceVersionDate "2001.11.25"]
[SourceQuality "1"]

1. Nf3 Nf6 2. d4 e6 3. c4 d5 4. e3 Nbd7 5. Be2 dxc4 6. Bxc4 c5 7. 0-0 a6 8. a4 cxd4 9. exd4 Qc7 10. Ba2 Bd6 11. Nc3 0-0 12. Bg5 h6 13. Bh4 b6 14. d5 e5 15. Rc1 Qb8 16. Qe2 Bb7 17. Rfd1 b5 18. axb5 axb5 19. Bb1 b4 20. Ne4 Nxe4 21. Qxe4 f5 22. Qe3 e4 23. Nd2 Bxh2+ 24. Kh1 Bf4 25. Qb3 Bxd2 26. d6+ Kh8 27. Rxd2 g5 28. Qe6 Nf6 29. Rc7 Qe8 30. Qxe8 Rfxe8 31. Rxb7 Ra1 32. Rd1 gxh4 33. Rxb4 f4 34. Bc2 Rxd1+ 35. Bxd1 Rd8 36. Rd4 Kg7 37. Kh2 Kf7 38. Bb3+ Kg6 39. Be6 e3 40. fxe3 fxe3 41. Bc4 Kf5 42. Be2 Ke5 43. Rd3 Ke4 44. Rd1 Ke5 45. Kh3 Ne4 46. Kxh4 Nf2 47. Ra1 Rxd6 48. Ra3 Kf4 49. Ra4+ Ke5 50. Ra5+ Ke4 51. Ra4+ Rd4 52. Rxd4+ Kxd4 53. b4 Ne4 54. b5 Kc5 55. Kg4 Nc3 56. Kf3 Nxe2 57. Kxe2 Kxb5 58. Kxe3 Kc5 59. Ke4 Kd6 60. Kf5 Ke7 61. Kg6 Kf8 62. Kxh6 Kg8 63. Kg6 Kh8 64. g4 Kg8 65. g5 Kh8 66. Kf7 1-0

[Event "Frohnleiten op"]
[Site "Frohnleiten"]
[Date "2000.??.??"]
[Round "?"]
[White "Schrey, Stefan"]
[Black "Teuschler, Hugo"]
[Result "1-0"]
[WhiteElo "2085"]
[BlackElo "2128"]
[PlyCount "91"]
[EventDate "2000.??.??"]
[EventType "swiss"]
[EventRounds "9"]
[EventCountry "AUT"]
[SourceTitle "EXT 2002"]
[Source "ChessBase"]
[SourceDate "2001.11.25"]
[SourceVersion "1"]
[SourceVersionDate "2001.11.25"]
[SourceQuality "1"]

1. Nf3 Nf6 2. d4 d5 3. c4 e6 4. Bg5 c6 5. e3 Qa5+ 6. Nbd2 Ne4 7. Bf4 Bb4 8. a3 Bxd2+ 9. Nxd2 Qxd2+ 10. Qxd2 Nxd2 11. Kxd2 Nd7 12. c5 0-0 13. Bd3 Re8 14. Bd6 e5 15. Rhe1 e4 16. Bf1 g5 17. b4 a6 18. a4 Nf6 19. Rab1 Bd7 20. Rb2 Rec8 21. Reb1 Ne8 22. Bg3 h5 23. h4 gxh4 24. Bxh4 Nc7 25. Be2 Kg7 26. Bg3 Bg4 27. f3 Bf5 28. Rh1 Ne6 29. Rxh5 Bg6 30. Rh1 Rh8 31. Rf1 exf3 32. Rxf3 Rh1 33. Be5+ Kf8 34. Bf6 Ke8 35. Rh3 Rxh3 36. gxh3 Kd7 37. Bg4 Rg8 38. Kc3 Be4 39. b5 axb5 40. axb5 cxb5 41. Rxb5 Kc8 42. Rb6 Re8 43. h4 Kc7 44. Be5+ Kc8 45. h5 Rg8 46. c6 1-0

[Event "AUT-chT2S 9394"]
[Site "Austria"]
[Date "1994.??.??"]
[Round "?"]
[White "Detter, Peter"]
[Black "Schrey, Stefan"]
[Result "1/2-1/2"]
[WhiteElo "2110"]
[BlackElo "2110"]
[PlyCount "32"]
[EventDate "1993.??.??"]
[EventType "team"]
[EventRounds "11"]
[EventCountry "AUT"]
[SourceTitle "EXT 1998"]
[Source "ChessBase"]
[SourceDate "1997.11.17"]
[SourceVersion "1"]
[SourceVersionDate "1997.11.17"]
[SourceQuality "1"]

1. Nf3 Nf6 2. c4 e6 3. g3 b6 4. Bg2 Bb7 5. 0-0 Be7 6. b3 0-0 7. Bb2 c5 8. e3 Nc6 9. Qe2 d5 10. Rd1 Qc7 11. Nc3 Rad8 12. cxd5 exd5 13. d4 Rfe8 14. Rac1 Qb8 15. Na4 Ne4 16. dxc5 Nxc5 1/2-1/2

[Event "AUT-chT"]
[Site "Austria"]
[Date "1994.??.??"]
[Round "?"]
[White "Dueckstein, Andreas"]
[Black "Schrey, Stefan"]
[Result "1-0"]
[WhiteElo "2375"]
[BlackElo "2105"]
[PlyCount "65"]
[EventDate "1994.??.??"]
[EventType "team"]
[EventRounds "11"]
[EventCountry "AUT"]
[SourceTitle "TD"]
[Source "ChessBase"]
[SourceDate "1994.03.01"]
[SourceVersion "1"]
[SourceVersionDate "1994.03.01"]
[SourceQuality "1"]

1. e4 c6 2. d4 d5 3. Nc3 dxe4 4. Nxe4 Nd7 5. Bc4 Ngf6 6. Ng5 e6 7. Qe2 Nb6 8. Bb3 h6 9. N5f3 c5 10. dxc5 Nbd7 11. Ne5 Nxe5 12. Qxe5 Qa5+ 13. Bd2 Qxc5 14. Nf3 Bd7 15. Be3 Qb4+ 16. c3 Qg4 17. Rg1 Be7 18. 0-0-0 0-0 19. Rd4 Qf5 20. Qg3 Kh8 21. Bc2 Qa5 22. Ne5 Be8 23. Ng4 Nxg4 24. Rxg4 Bf6 25. Qh3 g6 26. Bxh6 Bg7 27. Rh4 Bc6 28. f4 Rfe8 29. Bxg7+ Kxg7 30. Rh7+ Kf8 31. Qh4 Qc5 32. Re1 Rad8 33. Qf6 1-0